00572 2200205 4500001002100000005001700021008004100038035002400079090001800103100002000121245003600141260004200177300002400219500004600243650002800289850001500317980001300332985000600345999001500351YOGYA-0209000004813420090227031854.0 ind  0010-020900000048134 a428bPun BlT aPUNCHIHEWA, P.G aThe buggy cartcP.G. Punchihewa aJakartabGramedia Pustaka Utamac1992 a25 hlmbilusc21 cm aElt graded reading series fiction-stage 2 aBahasa Inggris - Bacaan aYOPDYOG(M) a09-10-07 a1 a96P0084172